Documentos finales, celebrada en Medellin

Kaydedildi:
Detaylı Bibliyografya
Müşterek Yazar: Conferencia General del Episcopado Latinoamericano
Materyal Türü: Kitap
Dil:İspanyolca
Baskı/Yayın Bilgisi: Paulinas. 1972.
Edisyon:6ª ed.
Konular:
Etiketler: Etiketle
Etiket eklenmemiş, İlk siz ekleyin!

MARC

LEADER 00000nam a22000005a 4500
001 9600
003 CL-ChBUA
005 20120815103207.0
008 070301s1972 ag 000 0 spa
040 |a CL-ChBUA  |c CL-ChBUA 
082 0 0 |a 262.86 
090 |c 9600  |d 9600 
110 2 |a Conferencia General del Episcopado Latinoamericano. 
245 1 0 |a Documentos finales, celebrada en Medellin 
250 |a 6ª ed. 
260 |b Paulinas.  |c 1972. 
650 4 |a IGLESIA CATOLICA. 
942 |c LIB 
952 |0 0  |1 0  |4 0  |7 0  |9 14135  |a UNACH  |b UNACH  |c 200  |d 2007-03-05  |i 10.644.  |l 0  |o 262.86 / C 748.  |p 15134  |r 2012-12-27 00:00:00  |u 14135  |w 2012-08-08  |y LIB  |k 262.86 / C 748. 
999 |c 9600  |d 9600